000 02073nam0a2200325 4500
001 RU\NLR\BIBL_A\022737745
005 20260510042755.0
010 _a978-5-7389-4030-9
_9100
021 _aRU
_bКН-П-25-082274
_9КН-П-25-7967
035 _a(NLR Aleph) 022737745
090 _a13701819
_c13701819
100 _a20260226d2025 k y0rusy50 ca
101 0 _arus
102 _aRU
105 _aa j 000yy
181 0 _ai3
_baxxe
182 0 _an
200 1 _aНалогообложение автотранспортных предприятий
_eучебное пособие
_eдля обучающихся университета (бакалавриат и магистратура) по направлению подготовки "Технология транспортных процессов" 23.03.01 и 23.04.01 очной и заочной форм обучения
_fА. С. Рыжова, П. П. Володькин
_gМинистерство науки и высшего образования Российской Федерации, Федеральное государственное бюджетное образовательное учреждение высшего образования "Тихоокеанский государственный университет"
203 _aТекст
_bвизуальный
_cнепосредственный
210 _aХабаровск
_cИзд-во ТОГУ
_d2025
215 _a289 с.
_cил.
_d21
320 _aБиблиогр.: с. 251-255
606 1 _aАвтомобильные хозяйства
_jУчебные издания для высших учебных заведений
_xНалоговое обложение
_yРоссийская Федерация
_92501110
_3RU\NLR\AUTH\6601698877
686 1 _aУ26(2)141.3(2Р)я73
700 1 _aРыжова
_bА. С.
_gАлександра Сергеевна
701 1 _aВолодькин
_bП. П.
_f1966-
_gПавел Павлович
942 _cBOOK
980 _aNB